000
00252nam a22000977a 4500
082
_a
721.042 DES'I
245
_a
DESIGN FOR MODERN MERCHANDISING STORES SHOPPING CENTERS SHOWROOMS
260
_a
NEWYORK
_b
F. W. DODGE
_c
1954
300
_a
247P
942
_c
BK
999
_c
568321
_d
568321